000 00960nam a2200289 a 4500
001 000003556
003 DO-SdBNP
005 20240320074001.0
007 ta
008 090710s2001 dr 000 1 spa d
040 _aDO-SdBNP
_bspa
_cBNPHU
082 4 _a234.163
_bE86c
_222
245 0 3 _aLa eucaristía :
_bcataquesis de Juan Pablo II /
_ceditor Rafael Bello Peguero ; presentación Francisco José Arnaiz, S.J.
260 _aSanto Domingo :
_bAmigo del Hogar,
_c2001.
300 _a51 p. ;
_c22 cm.
500 _aIncluye índice
590 _aInventariado, 2022 / DG
650 4 _aEucaristía
_xIglesia católica
_910987
650 4 _aCatequesis
_xIglesia católica
_910988
650 4 _aEucaristía (liturgia)
_910989
650 4 _aSacramentos
_910990
700 1 _aBello Peguero, Rafael,
_d1932-2022
_eed.
_92405
700 1 _aJuan Pablo
_bII,
_cPapa,
_d1920-2005
_910991
700 1 _aArnaiz, Francisco José
_96960
910 _aDG
942 _2ddc
_cLBS1
999 _c3381
_d3381